| 000 -LEADER |
| fixed length control field |
00470nam a22001577a 4500 |
| 008 - FIXED-LENGTH DATA ELEMENTS--GENERAL INFORMATION |
| fixed length control field |
141003b xxu||||| |||| 00| 0 alb d |
| 020 ## - INTERNATIONAL STANDARD BOOK NUMBER |
| International Standard Book Number |
9951450503 |
| 041 0# - LANGUAGE CODE |
| Language code of text/sound track or separate title |
alb |
| 080 ## - UNIVERSAL DECIMAL CLASSIFICATION NUMBER |
| Universal Decimal Classification number |
354.1 |
| 100 1# - Rafti |
| Rafti |
Azemi, Azem; |
| 245 ## - TITLE STATEMENT |
| Title |
Pasqyrë e punës: |
| Statement of responsibility, etc |
[E përgatiti Azem Azemi]. |
| 260 ## - |
| -- |
Prishtinë: |
| -- |
Ministria e Arsimit, e Shkencës dhe e Teknologjisë, |
| -- |
2004. |
| 300 ## - |
| -- |
112 f. : |
| -- |
me il me ngjyra ; |
| -- |
22 cm. |
| 650 ## - |
| -- |
Punë |
| 942 ## - ADDED ENTRY ELEMENTS (KOHA) |
| Source of classification or shelving scheme |
|
| Item type |
Books |